Statystyki dla Miejscowosci powiatu Tatrzanskiego

Kliknij tutaj aby rozwiązać quiz!

Ogólne statystyki

  • Ten quiz został rozwiązany 57 razy
  • Średni wynik to 13 z 25

Statystyki odpowiedzi

Odpowiedź% Poprawnych
Zakopane
95%
Bukowina Tatrzańska
92%
Poronin
86%
Kościelisko
84%
Białka Tatrzańska
81%
Biały Dunajec
78%
Ząb
76%
Murzasichle
70%
Małe Ciche
65%
Witów
59%
Jurgów
51%
Gliczarow Dolny
46%
Gliczarow Górny
46%
Brzegi
41%
Dzianisz
41%
Czarna Góra
38%
Leśnica
38%
Suche
38%
Rzepiska
35%
Sierockie
35%
Nowe Bystre
32%
Bustryk
30%
Groń
30%
Stasikówka
24%
Leszczyny
19%

Rozkład punktacji

Percentyl według liczby udzielonych odpowiedzi

Procent ludzi z każdym wynikiem

Twoja historia wyników

Nie rozwiązałeś tego quizu